Normal view
MARC view
Entry Personal Name
001 - CONTROL NUMBER
- control field: 943359
003 - CONTROL NUMBER IDENTIFIER
- control field: OSt
005 - DATE AND TIME OF LATEST TRANSACTION
- control field: 20260121110215.0
008 - FIXED-LENGTH DATA ELEMENTS
- fixed length control field: 260121|| aca||aabn | a|a d
040 ## - CATALOGING SOURCE
- Original cataloging agency: OSt
- Transcribing agency: OSt
100 ## - HEADING--PERSONAL NAME
- Personal name: सुमंत कुमार / Sumant Kumar
670 ## - SOURCE DATA FOUND
- Source citation: Work cat.: (OSt)1535024: सुमंत कुमार / Sumant Kumar, शिक्षा में मापन, मूल्यांकन व निर्देशन / Shiksha mein maapan mulyankan aur nirdeshan, 2020
